000 01264cam a2200373 i 4500
999 _c7731
_d7731
001 19222769
003 OSt
005 20190218164655.0
008 160213s2015 ii a b 000 0 eng d
010 _a 2016319695
020 _a9788184654974 (paperback)
020 _a8184654979 (paperback)
025 _aI-E-2016319695
035 _a(OCoLC)ocn939391632
035 _a(OCoLC)939391632
_z(OCoLC)923550526
037 _bLibrary of Congress -- New Delhi Overseas Office
040 _aDKAGE
_beng
_erda
_cDKAGE
_dYDXCP
_dOCLCQ
_dOCLCO
_dOCLCF
_dDLC
042 _alccopycat
_alcode
050 0 0 _aBV4011.3
_b.V37 2015
082 0 4 _a253
_223
_bV297b
100 1 _aVarghese, Thomas,
_eauthor.
245 1 0 _aBy grace to graze :
_ba walk through a pastor's life /
_cThomas Varghese.
264 1 _aDelhi :
_bISPCK,
_c2015.
300 _axv, 196 pages :
_billustrations ;
_c25 cm
336 _atext
_btxt
_2rdacontent
337 _aunmediated
_bn
_2rdamedia
338 _avolume
_bnc
_2rdacarrier
504 _aIncludes bibliographical references (pages 193-196).
650 0 _aPastoral theology.
710 2 _aI.S.P.C.K. (Organization)
906 _a7
_bcbc
_ccopycat
_d3
_encip
_f20
_gy-gencatlg
942 _2ddc
_cBK